000 00209 a2200097 4500
001 45477
100 _aNeese W
245 _aAircraft hydraulic systems
260 _aLondon
_bPitman
_c
090 _c28639
_d28639
942 _aNUST-CAE
_cM
_c20712
999 _c280550
_d280550